Loading...
| Fine Arts - Auditory Fine Arts | 3 | 6.67 | 67% | 0% | 0% |
| Fine Arts - Visual Fine Arts | 2 | 20.00 | 100% | 50% | 50% |
| History - American History | 1 | 0.00 | 0% | 0% | 0% |
| History - European History | 2 | 5.00 | 50% | 0% | 0% |
| History - Other History | 3 | 13.33 | 67% | 33% | 33% |
| History - World History | 4 | 10.00 | 100% | 0% | 0% |
| Literature - American Literature | 8 | 10.00 | 88% | 13% | 0% |
| Literature - British Literature | 5 | 6.00 | 40% | 20% | 0% |
| Literature - European Literature | 2 | 10.00 | 100% | 0% | 0% |
| Literature - World Literature | 2 | 10.00 | 100% | 0% | 0% |
| Mythology | 2 | 5.00 | 50% | 0% | 0% |
| Other Academic | 1 | 10.00 | 100% | 0% | 0% |
| Philosophy | 2 | 5.00 | 50% | 0% | 0% |
| Pop Culture | 2 | 20.00 | 100% | 100% | 0% |
| Religion | 3 | 10.00 | 100% | 0% | 0% |
| Science - Biology | 5 | 12.00 | 80% | 20% | 20% |
| Science - Chemistry | 6 | 11.67 | 83% | 0% | 33% |
| Science - Other Science | 1 | 10.00 | 100% | 0% | 0% |
| Science - Physics | 3 | 10.00 | 67% | 33% | 0% |
| Social Science | 3 | 10.00 | 100% | 0% | 0% |